000 00455nam a2200181Ia 4500
003 GCL
008 140319s9999 xx 000 0 eng d
040 _aGCL /
_cGCL
082 0 4 _a384.6
_bB T
100 1 _aREVELL, ROD
245 1 0 _aTELEPHONING IN ENGLISH /
_cREVELL, ROD
700 1 _aNATEROP, B. J.
260 _a[S.N] :
_bCAMBRIBGE UNIVERSITY PRESS ،
_c1992
300 _a124 P
650 0 4 _aCOMMERCE
650 0 4 _aTELEPHONING
942 _2ddc
_cBK
999 _c24976
_d24976